| 000 | 01018cam a2200301 i 4500 | ||
|---|---|---|---|
| 001 | 5773 | ||
| 003 | BD-RjUL | ||
| 005 | 20211208234126.0 | ||
| 008 | 140107s1975 maua b 001 0 eng | ||
| 020 | _a066997238X | ||
| 035 | _a(BD-RjUL)5812 | ||
| 040 |
_aDLC _cDLC _dDLC _dBD-RjUL _beng |
||
| 041 | _aeng | ||
| 082 | 0 | 0 |
_a353 _216 _bMAN 1975 |
| 245 | 0 | 0 |
_aManagement and policy science in American government : _bproblems and prospects / _cedited by Michael J. White, Michael Radnor, David A. Tansik. |
| 260 |
_aLexington ; _aMass. : _bLexington Books, _c1975. |
||
| 300 |
_axiv, 319 p. : _bill. ; _c24 cm. |
||
| 504 | _aIncludes bibliographical references and index. | ||
| 650 | 0 |
_aPublic administration _xDecision making. _918130 |
|
| 650 | 0 |
_aPublic administration. _918131 |
|
| 650 | 0 |
_aPolicy sciences. _918132 |
|
| 700 | 1 |
_aWhite, Michael J., _d1942- _917863 |
|
| 700 | 1 |
_aRadnor, Michael. _918133 |
|
| 700 | 1 |
_aTansik, David A. _918134 |
|
| 942 |
_2ddc _cBK |
||
| 999 |
_c5773 _d5773 |
||